Michaël Biziou, Adam Smith et l’origine du libéralisme, collection « Fondements de la politique », PUF, 2003, 298 pages. Adam Smith, Théorie des sentiments moraux, traduction Michaël Biziou, Claude Gautier et Jean-François Pradeau, collection « Quadrige », PUF, 2003 (notice n° 1603136)
[ vue normale ]
| 000 -LEADER | |
|---|---|
| fixed length control field | 00693cam a2200145 4500500 |
| 005 - DATE AND TIME OF LATEST TRANSACTION | |
| control field | 20251228091222.0 |
| 041 ## - LANGUAGE CODE | |
| Language code of text/sound track or separate title | fre |
| 042 ## - AUTHENTICATION CODE | |
| Authentication code | dc |
| 100 10 - MAIN ENTRY--PERSONAL NAME | |
| Personal name | Rigal, Élisabeth |
| Relator term | author |
| 245 00 - TITLE STATEMENT | |
| Title | Michaël Biziou, Adam Smith et l’origine du libéralisme, collection « Fondements de la politique », PUF, 2003, 298 pages. Adam Smith, Théorie des sentiments moraux, traduction Michaël Biziou, Claude Gautier et Jean-François Pradeau, collection « Quadrige », PUF, 2003 |
| 260 ## - PUBLICATION, DISTRIBUTION, ETC. | |
| Date of publication, distribution, etc. | 2005.<br/> |
| 500 ## - GENERAL NOTE | |
| General note | 25 |
| 786 0# - DATA SOURCE ENTRY | |
| Note | Philosophie | 86 | 3 | 2005-06-01 | p. 86a-89a | 0294-1805 |
| 856 41 - ELECTRONIC LOCATION AND ACCESS | |
| Uniform Resource Identifier | <a href="https://shs.cairn.info/revue-philosophie-2005-3-page-86a?lang=fr&redirect-ssocas=7080">https://shs.cairn.info/revue-philosophie-2005-3-page-86a?lang=fr&redirect-ssocas=7080</a> |
Pas d'exemplaire disponible.




Réseaux sociaux